| 000 | 00865nam a2200253Ia 4500 | ||
|---|---|---|---|
| 005 | 20220317000555.0 | ||
| 008 | 160601s2004 ck a g 000 0 spa | ||
| 020 | _a9586641449 | ||
| 082 | 0 | 4 |
_a339.09861 _bM11m |
| 245 | 1 | 0 |
_aMacroeconomía y regiones en Colombia _ceditor Adolfo Meisel Roca |
| 250 | _a1a. edición | ||
| 300 |
_a333 páginas _bilustraciones _c20 cm |
||
| 490 | _aEconomia regional | ||
| 504 | _aBibliografia al final de cada capitulo | ||
| 650 | 1 | 4 |
_2LEMB _aMacroeconomía _zColombia |
| 650 | 1 | 4 |
_2LEMB _aPolítica monetaria _zColombia |
| 650 | 1 | 4 |
_2LEMB _aMercado laboral _xAspectos socioeconómicos |
| 942 |
_2ddc _cBK |
||
| 264 |
_aBogotá _bBanco de la república _c2004 |
||
| 336 |
_atexto _btxt _2rdacontent |
||
| 337 |
_asin mediación _bn _2rdamedia |
||
| 338 |
_avolumen _bnc _2rdacarrier |
||
| 040 |
_aCO-BoRNBP _bspa _erda _cCO-BoRNBP |
||
| 999 |
_c4436 _d4436 |
||